<?xml version="1.0" encoding="UTF-8"?>
<record
    xmlns:xsi="http://www.w3.org/2001/XMLSchema-instance"
    xsi:schemaLocation="http://www.loc.gov/MARC21/slim http://www.loc.gov/standards/marcxml/schema/MARC21slim.xsd"
    xmlns="http://www.loc.gov/MARC21/slim">

  <leader>00797nmm a2200265 a 4500</leader>
  <controlfield tag="003">AR-BaBNM</controlfield>
  <controlfield tag="005">20251128205924.0</controlfield>
  <controlfield tag="008">108019s1996    ||||||||||||||000 | spa||</controlfield>
  <datafield tag="020" ind1=" " ind2=" ">
    <subfield code="a">950-9896-93-4</subfield>
  </datafield>
  <datafield tag="040" ind1=" " ind2=" ">
    <subfield code="c">AR-BaBNM</subfield>
  </datafield>
  <datafield tag="100" ind1="1" ind2=" ">
    <subfield code="a">Aguilar, Marcela</subfield>
  </datafield>
  <datafield tag="245" ind1="1" ind2="0">
    <subfield code="a">Planificar para el cambio</subfield>
    <subfield code="b">orientaci&#xF3;n pr&#xE1;ctica para la elaboraci&#xF3;n y aplicaci&#xF3;n de proyectos en el trabajo diario 3er ciclo</subfield>
    <subfield code="n">2</subfield>
  </datafield>
  <datafield tag="250" ind1=" " ind2=" ">
    <subfield code="a">1&#xAA; ed.</subfield>
  </datafield>
  <datafield tag="260" ind1=" " ind2=" ">
    <subfield code="a">Buenos Aires</subfield>
    <subfield code="b">Ediciones Docentes Argentinas</subfield>
    <subfield code="c">1996</subfield>
  </datafield>
  <datafield tag="300" ind1="0" ind2=" ">
    <subfield code="a">32 p.</subfield>
    <subfield code="b">il.</subfield>
  </datafield>
  <datafield tag="650" ind1=" " ind2="4">
    <subfield code="a">PLANIFICACION</subfield>
  </datafield>
  <datafield tag="650" ind1=" " ind2="4">
    <subfield code="a">ACTIVIDADES DE LA CLASE</subfield>
  </datafield>
  <datafield tag="653" ind1=" " ind2="0">
    <subfield code="a">TERCER CICLO DE LA EGB</subfield>
  </datafield>
  <datafield tag="653" ind1=" " ind2="0">
    <subfield code="a">PROYECTOS CURRICULARES</subfield>
  </datafield>
  <datafield tag="653" ind1=" " ind2="0">
    <subfield code="a">MAPAS CONCEPTUALES</subfield>
  </datafield>
  <datafield tag="700" ind1="1" ind2=" ">
    <subfield code="a">Villafa&#xF1;e, Zulema</subfield>
  </datafield>
  <datafield tag="700" ind1="1" ind2=" ">
    <subfield code="a">Levy, Esther</subfield>
  </datafield>
  <datafield tag="942" ind1=" " ind2=" ">
    <subfield code="c">BK</subfield>
  </datafield>
  <datafield tag="998" ind1=" " ind2=" ">
    <subfield code="c">MAU</subfield>
  </datafield>
  <datafield tag="999" ind1=" " ind2=" ">
    <subfield code="c">13316</subfield>
    <subfield code="d">13316</subfield>
  </datafield>
  <datafield tag="952" ind1=" " ind2=" ">
    <subfield code="0">0</subfield>
    <subfield code="1">0</subfield>
    <subfield code="2">ddc</subfield>
    <subfield code="4">0</subfield>
    <subfield code="5">1</subfield>
    <subfield code="7">1</subfield>
    <subfield code="a">LPL</subfield>
    <subfield code="b">LPL</subfield>
    <subfield code="d">2025-11-28</subfield>
    <subfield code="l">0</subfield>
    <subfield code="o">371.3 AGU 5</subfield>
    <subfield code="p">114199</subfield>
    <subfield code="r">2025-11-28 20:59:24</subfield>
    <subfield code="w">2025-11-28</subfield>
    <subfield code="y">BK</subfield>
  </datafield>
</record>
